Deutsche Fußball-Nationalspieler 2010 - Statistiken

Allgemein
  • Dieses Quiz wurde 127 mal gespielt
  • Das Durchschnittsergebnis liegt bei 21 aus 42
Antwortstatistiken
Hint Antwort % Korrekt
Tor Manuel Neuer
99%
Angriff Miroslav Klose
95%
Abwehr Philipp Lahm
94%
Angriff Lukas Podolski
90%
Abwehr Jérôme Boateng
89%
Mittelfeld Bastian Schweinsteiger
86%
Abwehr Mats Hummels
85%
Mittelfeld Thomas Müller
85%
Mittelfeld Mesut Özil
80%
Abwehr Per Mertesacker
80%
Tor René Adler
78%
Angriff Mario Gomez
76%
Mittelfeld Toni Kroos
75%
Mittelfeld Michael Ballack
71%
Mittelfeld Sami Khedira
71%
Tor Tim Wiese
68%
Abwehr Arne Friedrich
62%
Mittelfeld Mario Götze
55%
Tor Hans Jörg Butt
54%
Angriff André Schürrle
46%
Angriff Cacau
43%
Abwehr Holger Badstuber
43%
Angriff Stefan Kießling
39%
Mittelfeld Piotr Trochowski
38%
Abwehr Marcell Jansen
36%
Abwehr Dennis Aogo
33%
Abwehr Heiko Westermann
33%
Mittelfeld Marko Marin
32%
Abwehr Marcel Schmelzer
31%
Abwehr Serdar Taşçı
29%
Mittelfeld Thomas Hitzlsperger
28%
Mittelfeld Kevin Großkreutz
21%
Abwehr Christian Träsch
20%
Angriff Patrick Helmes
19%
Mittelfeld Christian Gentner
18%
Mittelfeld Lewis Holtby
17%
Abwehr Andreas Beck
15%
Mittelfeld Aaron Hunt
14%
Abwehr Marcel Schäfer
13%
Abwehr Christian Schulz
8%
Abwehr Sascha Riether
5%
Mittelfeld Stefan Reinartz
5%
Keine übereinstimmenden Quizze gefunden
Verteilung der Resultate
Anzahl Personen mit jedem Resultat
Perzentil nach korrekt beantworteten Fragen
Ihre Resultats-Entwicklung
Sie haben dieses Quiz noch nicht gespielt